000 00754nam a2200217 i 4500
001 167588
003 ES-MaACL
005 20250804120525.0
008 170823s1988 sp a |||| | spa d
020 _a84-7273-137-5
245 0 0 _aMonumentos
_b: fuentes, lápidas, esculturas y funerarios /
_cautores de la obra, Carmen Cayetano (fuentes) ... [et al.].
260 _aMadrid :
_bGiner,
_c1988.
300 _a612 p. :
_bil. ;
_c27 cm.
490 1 _aEnciclopedia de Madrid ;
_v1
650 0 4 _aMonumentos-
_zMadrid
_915181
650 4 _aMonumentos funerarios-
_zMadrid.
_915188
700 1 _aCayetano Martín, María del Carmen.
_937205
830 0 _aEnciclopedia de Madrid ;
_v1
_9188720
852 _aES-MaACL
_jP-606 (1)
999 _c167588
_d167588